[Event "Agen 2017 National"]
[Site "?"]
[Date "2017.08.26"]
[Round "8.5"]
[White "Cornette, Matthieu"]
[Black "Jolly, Jean-Francois"]
[Result "1/2-1/2"]
[BlackElo "2381"]
[WhiteElo "2609"]
[LiveChessVersion "1.4.8"]

1. d4 {[%clk 1:30:13]} Nf6 {[%clk 1:30:34]} 2. Nf3 {[%clk 1:30:38]} d5
{[%clk 1:30:21]} 3. Bf4 {[%clk 1:30:52]} c5 {[%clk 1:28:49]} 4. e3
{[%clk 1:31:10]} Nc6 {[%clk 1:28:47]} 5. Nbd2 {[%clk 1:31:29]} Qb6
{[%clk 1:11:45]} 6. dxc5 {[%clk 1:29:41]} Qxb2 {[%clk 1:07:32]} 7. Rb1
{[%clk 1:27:30]} Qc3 {[%clk 1:06:32]} 8. Bb5 {[%clk 1:27:47]} e6 {[%clk 1:03:20]}
9. O-O {[%clk 1:28:10]} Be7 {[%clk 0:52:37]} 10. Ne5 {[%clk 1:27:46]} O-O
{[%clk 0:49:47]} 11. Nxc6 {[%clk 1:16:32]} bxc6 {[%clk 0:49:34]} 12. Bxc6
{[%clk 1:16:59]} Ba6 {[%clk 0:49:41]} 13. Bxa8 {[%clk 1:17:22]} Bxf1
{[%clk 0:49:50]} 14. Bb7 {[%clk 1:15:59]} Bc4 {[%clk 0:43:34]} 15. c6
{[%clk 1:13:09]} e5 {[%clk 0:39:34]} 16. Bg5 {[%clk 1:10:57]} Bd8
{[%clk 0:35:48]} 17. Nxc4 {[%clk 0:57:24]} Qxc4 {[%clk 0:34:04]} 18. Rb3
{[%clk 0:57:28]} Bc7 {[%clk 0:26:42]} 19. Bxf6 {[%clk 0:54:24]} gxf6
{[%clk 0:26:34]} 20. h3 {[%clk 0:54:14]} Rd8 {[%clk 0:16:24]} 21. a3
{[%clk 0:50:19]} Kf8 {[%clk 0:15:26]} 22. Rb4 {[%clk 0:35:35]} Qc3
{[%clk 0:14:53]} 23. Rh4 {[%clk 0:34:24]} Qxa3 {[%clk 0:13:02]} 24. Rxh7
{[%clk 0:34:44]} Ke7 {[%clk 0:10:51]} 25. Qh5 {[%clk 0:34:41]} Rf8
{[%clk 0:11:13]} 26. Qg4 {[%clk 0:32:37]} Qd6 {[%clk 0:11:33]} 27. Qa4
{[%clk 0:21:57]} a5 {[%clk 0:10:34]} 28. Rh4 {[%clk 0:19:19]} Rg8
{[%clk 0:08:37]} 29. Rg4 {[%clk 0:13:34]} Rh8 {[%clk 0:08:43]} 30. Rh4
{[%clk 0:06:57]} Rxh4 {[%clk 0:07:50]} 31. Qxh4 {[%clk 0:07:24]} e4
{[%clk 0:08:13]} 32. Qh8 {[%clk 0:04:28]} a4 {[%clk 0:02:54]} 33. Qa8
{[%clk 0:04:52]} a3 {[%clk 0:03:05]} 34. g3 {[%clk 0:04:44]} Qb4 {[%clk 0:02:03]}
35. Qc8 {[%clk 0:05:01]} Qa5 {[%clk 0:01:21]} 36. Qd7+ {[%clk 0:05:15]} Kf8
{[%clk 0:01:47]} 37. Qc8+ {[%clk 0:05:41]} Kg7 {[%clk 0:02:12]} 38. Qg4+
{[%clk 0:06:02]} Kf8 39. Qc8+ {[%clk 0:06:29]} Ke7 {[%clk 0:01:44]} 40. Qd7+
{[%clk 0:36:52]} Kf8 {[%clk 0:32:10]} 41. Qc8+ {[%clk 0:37:19]} 1/2-1/2

[Event "Agen 2017 - National Féminin"]
[Site "?"]
[Date "2017.08.26"]
[Round "8.1"]
[White "Milliet, Sophie"]
[Black "Haussernot, Cecile"]
[Result "1-0"]
[BlackElo "2077"]
[WhiteElo "2362"]
[LiveChessVersion "1.4.8"]

1. e4 {[%clk 1:29:32]} c5 {[%clk 1:30:56]} 2. Nf3 {[%clk 1:29:57]} d6
{[%clk 1:31:23]} 3. d4 {[%clk 1:30:22]} cxd4 {[%clk 1:31:48]} 4. Nxd4
{[%clk 1:30:48]} Nf6 {[%clk 1:32:13]} 5. f3 {[%clk 1:31:15]} Nc6 {[%clk 1:29:36]}
6. c4 {[%clk 1:31:30]} g6 {[%clk 1:26:38]} 7. Nc3 {[%clk 1:27:37]} Bg7
{[%clk 1:26:54]} 8. Be3 {[%clk 1:27:57]} O-O {[%clk 1:26:44]} 9. Be2
{[%clk 1:20:18]} Nxd4 {[%clk 1:15:53]} 10. Bxd4 {[%clk 1:20:43]} Be6
{[%clk 1:14:34]} 11. O-O {[%clk 1:19:38]} Rc8 {[%clk 1:14:29]} 12. b3
{[%clk 1:19:57]} Qa5 {[%clk 1:13:13]} 13. Rc1 {[%clk 1:19:05]} a6
{[%clk 1:11:02]} 14. Qe1 {[%clk 1:07:49]} Nd7 {[%clk 1:08:44]} 15. Bxg7
{[%clk 1:08:00]} Kxg7 {[%clk 1:03:49]} 16. f4 {[%clk 1:08:23]} Nf6
{[%clk 1:01:21]} 17. Bf3 {[%clk 0:45:54]} b5 {[%clk 0:52:10]} 18. f5
{[%clk 0:41:44]} gxf5 {[%clk 0:48:56]} 19. exf5 {[%clk 0:42:10]} Bxf5
{[%clk 0:48:20]} 20. Qxe7 {[%clk 0:42:19]} bxc4 {[%clk 0:47:03]} 21. Nd5
{[%clk 0:34:34]} Nxd5 {[%clk 0:38:56]} 22. Bxd5 {[%clk 0:35:00]} Bg6
{[%clk 0:38:29]} 23. bxc4 {[%clk 0:35:24]} Qc5+ {[%clk 0:37:01]} 24. Kh1
{[%clk 0:35:46]} Rce8 {[%clk 0:37:00]} 25. Qf6+ {[%clk 0:35:23]} Kg8
{[%clk 0:37:24]} 26. Rb1 {[%clk 0:32:54]} Qe3 {[%clk 0:30:21]} 27. Rb7
{[%clk 0:31:27]} Qe5 {[%clk 0:29:17]} 28. Rxf7 {[%clk 0:30:07]} Qxf6
{[%clk 0:24:32]} 29. R7xf6+ {[%clk 0:28:44]} Kg7 {[%clk 0:24:50]} 30. Rxf8
{[%clk 0:26:57]} Rxf8 {[%clk 0:25:18]} 31. Rxf8 {[%clk 0:24:34]} Kxf8
{[%clk 0:25:46]} 32. Kg1 {[%clk 0:24:30]} Ke7 {[%clk 0:25:39]} 33. Kf2
{[%clk 0:24:54]} Kf6 {[%clk 0:26:06]} 34. Ke3 {[%clk 0:25:17]} Ke5
{[%clk 0:26:32]} 35. g4 {[%clk 0:20:37]} Bb1 {[%clk 0:23:12]} 36. a3
{[%clk 0:21:03]} Bc2 {[%clk 0:23:37]} 37. h4 {[%clk 0:19:30]} Bb1
{[%clk 0:19:47]} 38. g5 {[%clk 0:15:13]} Bg6 {[%clk 0:19:22]} 39. Bf3
{[%clk 0:14:37]} Bb1 {[%clk 0:17:58]} 40. Be2 {[%clk 0:43:54]} a5
{[%clk 0:45:29]} 41. Bd3 {[%clk 0:40:54]} Ba2 {[%clk 0:44:50]} 42. h5
{[%clk 0:36:31]} a4 {[%clk 0:32:20]} 43. h6 {[%clk 0:36:34]} Ke4+ 44. Kxe4 1-0

[Event "Agen 2017 - National Féminin"]
[Site "?"]
[Date "2017.08.26"]
[Round "8.2"]
[White "Benmesbah, Natacha"]
[Black "Collas, Silvia"]
[Result "0-1"]
[BlackElo "2289"]
[WhiteElo "2271"]
[LiveChessVersion "1.4.8"]

1. e4 {[%clk 1:30:58]} d6 {[%clk 1:30:50]} 2. d4 {[%clk 1:31:16]} Nf6
{[%clk 1:31:10]} 3. Nc3 {[%clk 1:31:42]} e5 {[%clk 1:31:27]} 4. Nf3
{[%clk 1:31:25]} Nbd7 {[%clk 1:31:39]} 5. g4 {[%clk 1:30:45]} Nxg4
{[%clk 1:31:56]} 6. Rg1 {[%clk 1:31:09]} Ngf6 {[%clk 1:32:20]} 7. Bc4
{[%clk 1:31:25]} h6 {[%clk 1:32:26]} 8. Be3 {[%clk 1:31:15]} c6 {[%clk 1:30:10]}
9. dxe5 {[%clk 1:30:11]} dxe5 {[%clk 1:29:57]} 10. Qd3 {[%clk 1:29:49]} Qa5
{[%clk 1:26:11]} 11. O-O-O {[%clk 1:08:30]} b5 {[%clk 1:23:31]} 12. Bb3
{[%clk 1:08:39]} Bb7 {[%clk 1:12:30]} 13. Nh4 {[%clk 1:05:32]} g5
{[%clk 0:52:44]} 14. Nf5 {[%clk 1:04:43]} O-O-O {[%clk 0:47:31]} 15. Bxf7
{[%clk 0:59:09]} Nc5 {[%clk 0:44:04]} 16. Qxd8+ {[%clk 0:51:27]} Qxd8
{[%clk 0:44:27]} 17. Rxd8+ {[%clk 0:51:55]} Kxd8 {[%clk 0:44:50]} 18. f3
{[%clk 0:52:17]} Bc8 {[%clk 0:39:52]} 19. a3 {[%clk 0:48:13]} Bxf5
{[%clk 0:36:10]} 20. exf5 {[%clk 0:48:40]} a5 {[%clk 0:36:28]} 21. h4
{[%clk 0:46:37]} b4 {[%clk 0:34:51]} 22. axb4 {[%clk 0:43:21]} axb4
{[%clk 0:35:17]} 23. Na2 {[%clk 0:39:47]} gxh4 {[%clk 0:27:40]} 24. Nxb4
{[%clk 0:39:45]} Kc7 {[%clk 0:23:20]} 25. Rh1 {[%clk 0:36:02]} Ncd7
{[%clk 0:22:04]} 26. Nd3 {[%clk 0:35:40]} Nd5 {[%clk 0:21:31]} 27. Bf2
{[%clk 0:34:47]} Be7 {[%clk 0:21:04]} 28. Bxh4 {[%clk 0:34:58]} Bxh4
{[%clk 0:21:29]} 29. Rxh4 {[%clk 0:35:26]} Kd6 {[%clk 0:19:14]} 30. Be6
{[%clk 0:31:42]} Nf8 {[%clk 0:15:40]} 31. Bf7 {[%clk 0:26:35]} Ne7
{[%clk 0:08:51]} 32. f6 {[%clk 0:18:57]} Nd5 {[%clk 0:07:18]} 33. Bxd5
{[%clk 0:18:38]} cxd5 {[%clk 0:07:43]} 34. Ra4 {[%clk 0:18:59]} Ke6
{[%clk 0:06:30]} 35. Ra6+ {[%clk 0:18:15]} Kf5 {[%clk 0:06:54]} 36. Nb4
{[%clk 0:03:13]} d4 {[%clk 0:03:46]} 37. Nd5 {[%clk 0:02:32]} h5 {[%clk 0:03:40]}
38. f7 {[%clk 0:02:52]} h4 {[%clk 0:03:18]} 39. Rf6+ {[%clk 0:02:35]} Kg5
{[%clk 0:03:33]} 40. f4+ {[%clk 0:32:59]} exf4 {[%clk 0:32:55]} 41. Rxf4
{[%clk 0:33:22]} h3 {[%clk 0:32:30]} 42. Rf1 {[%clk 0:33:32]} h2 {[%clk 0:31:52]}
43. Rh1 {[%clk 0:34:00]} Kg4 {[%clk 0:31:38]} 44. Kd2 {[%clk 0:31:27]} Kg3
{[%clk 0:27:21]} 45. Ke2 {[%clk 0:31:49]} Kg2 {[%clk 0:20:45]} 46. Nf4+
{[%clk 0:32:15]} Kxh1 {[%clk 0:20:20]} 47. Kf1 {[%clk 0:32:42]} Rh7
{[%clk 0:19:20]} 48. Nd3 {[%clk 0:33:07]} Rxf7+ {[%clk 0:19:45]} 49. Nf2+
{[%clk 0:33:36]} Rxf2+ {[%clk 0:20:08]} 50. Kxf2 {[%clk 0:34:05]} Nd7
{[%clk 0:19:23]} 51. b4 {[%clk 0:34:01]} Ne5 {[%clk 0:17:51]} 52. b5
{[%clk 0:34:12]} Ng4+ {[%clk 0:17:24]} 53. Kf1 {[%clk 0:34:38]} Ne3+
{[%clk 0:17:46]} 54. Kf2 {[%clk 0:35:06]} Nxc2 {[%clk 0:17:34]} 55. b6
{[%clk 0:35:33]} Nb4 {[%clk 0:17:58]} 56. b7 {[%clk 0:35:59]} Nc6
{[%clk 0:18:23]} 0-1

[Event "Agen 2017 - National Féminin"]
[Site "?"]
[Date "2017.08.26"]
[Round "8.3"]
[White "Maisuradze, Nino"]
[Black "Navrotescu, Andreea"]
[Result "0-1"]
[BlackElo "2150"]
[WhiteElo "2280"]
[LiveChessVersion "1.4.8"]

1. d4 {[%clk 1:30:59]} Nf6 {[%clk 1:30:55]} 2. Bf4 {[%clk 1:31:09]} e6
{[%clk 1:29:35]} 3. e3 {[%clk 1:30:22]} c5 {[%clk 1:29:48]} 4. Nd2
{[%clk 1:28:47]} Nc6 {[%clk 1:29:07]} 5. c3 {[%clk 1:29:02]} d5 {[%clk 1:29:19]}
6. Ngf3 {[%clk 1:28:21]} cxd4 {[%clk 1:28:58]} 7. exd4 {[%clk 1:28:41]} Nh5
{[%clk 1:29:17]} 8. Bg5 {[%clk 1:25:20]} f6 {[%clk 1:29:13]} 9. Be3
{[%clk 1:24:28]} Bd6 {[%clk 1:27:11]} 10. g3 {[%clk 1:23:24]} g6 {[%clk 1:25:17]}
11. Bg2 {[%clk 1:18:05]} O-O {[%clk 1:20:54]} 12. O-O {[%clk 1:17:23]} Ng7
{[%clk 1:20:36]} 13. Nb3 {[%clk 1:10:24]} b6 {[%clk 1:18:39]} 14. Re1
{[%clk 1:08:01]} Bb7 {[%clk 1:16:04]} 15. Rc1 {[%clk 1:04:03]} Ne7
{[%clk 1:14:15]} 16. Qd2 {[%clk 0:48:39]} Qc7 {[%clk 1:13:22]} 17. Qc2
{[%clk 0:40:30]} Nef5 {[%clk 1:00:44]} 18. Nbd2 {[%clk 0:37:32]} Rac8
{[%clk 0:53:02]} 19. a4 {[%clk 0:34:50]} Kh8 {[%clk 0:51:24]} 20. Qb3
{[%clk 0:34:08]} e5 {[%clk 0:46:23]} 21. dxe5 {[%clk 0:33:32]} fxe5
{[%clk 0:46:11]} 22. Rcd1 {[%clk 0:30:45]} Nxe3 {[%clk 0:43:19]} 23. fxe3
{[%clk 0:27:54]} Nf5 {[%clk 0:36:18]} 24. Nf1 {[%clk 0:28:01]} Qe7
{[%clk 0:28:21]} 25. Kh1 {[%clk 0:18:45]} e4 {[%clk 0:25:42]} 26. Nd4
{[%clk 0:18:23]} Nxd4 {[%clk 0:25:33]} 27. Rxd4 {[%clk 0:18:29]} Rf2
{[%clk 0:24:33]} 28. Rd2 {[%clk 0:17:23]} Rcf8 {[%clk 0:22:39]} 29. Qc2
{[%clk 0:17:18]} R2f6 {[%clk 0:22:00]} 30. Kg1 {[%clk 0:15:23]} Qf7
{[%clk 0:21:43]} 31. Qd1 {[%clk 0:13:40]} Ba6 {[%clk 0:16:17]} 32. Rxd5
{[%clk 0:13:21]} Rxf1+ {[%clk 0:16:31]} 33. Rxf1 {[%clk 0:09:26]} Bxf1
{[%clk 0:16:55]} 34. Bxf1 {[%clk 0:00:55]} Qf2+ {[%clk 0:17:19]} 35. Kh1
{[%clk 0:01:23]} Qxf1+ {[%clk 0:17:42]} 36. Qxf1 {[%clk 0:01:52]} Rxf1+
{[%clk 0:18:05]} 37. Kg2 {[%clk 0:02:22]} Rf6 {[%clk 0:18:27]} 38. b4
{[%clk 0:02:49]} a6 {[%clk 0:15:55]} 39. a5 {[%clk 0:02:24]} b5 {[%clk 0:16:10]}
40. Rd4 {[%clk 0:31:17]} Be5 {[%clk 0:45:55]} 41. Rd8+ {[%clk 0:30:12]} Kg7
{[%clk 0:46:23]} 42. Rc8 {[%clk 0:30:24]} Rf3 {[%clk 0:42:24]} 43. Rc5
{[%clk 0:25:29]} Kf6 {[%clk 0:35:31]} 44. Rc6+ {[%clk 0:21:27]} Ke7
{[%clk 0:32:29]} 45. Rxa6 {[%clk 0:21:09]} Bxc3 {[%clk 0:31:54]} 46. Ra8
{[%clk 0:16:18]} Rxe3 {[%clk 0:31:07]} 47. a6 {[%clk 0:16:19]} Re2+
{[%clk 0:31:27]} 48. Kf1 {[%clk 0:13:27]} Ra2 {[%clk 0:31:49]} 49. a7
{[%clk 0:06:38]} e3 {[%clk 0:31:23]} 0-1

[Event "Agen 2017 - National Féminin"]
[Site "?"]
[Date "2017.08.26"]
[Round "8.4"]
[White "Leconte, Maria"]
[Black "Safranska, Anda"]
[Result "0-1"]
[BlackElo "2224"]
[WhiteElo "2208"]
[LiveChessVersion "1.4.8"]

1. e4 {[%clk 1:30:56]} Nc6 {[%clk 1:30:37]} 2. Nc3 {[%clk 1:30:25]} Nf6
{[%clk 1:30:55]} 3. d4 {[%clk 1:30:14]} d5 {[%clk 1:31:19]} 4. e5
{[%clk 1:28:54]} Nd7 {[%clk 1:31:44]} 5. f4 {[%clk 1:11:07]} Nb6 {[%clk 1:29:16]}
6. Be3 {[%clk 1:10:56]} h5 {[%clk 1:25:15]} 7. Nf3 {[%clk 1:06:43]} Bf5
{[%clk 1:21:50]} 8. Nh4 {[%clk 0:52:26]} Bg4 {[%clk 1:20:35]} 9. Be2
{[%clk 0:47:04]} e6 {[%clk 1:20:31]} 10. Bf2 {[%clk 0:44:41]} Bxe2
{[%clk 1:20:14]} 11. Nxe2 {[%clk 0:44:48]} Be7 {[%clk 1:12:23]} 12. Nf3
{[%clk 0:45:13]} g6 {[%clk 1:06:49]} 13. O-O {[%clk 0:45:29]} Qd7
{[%clk 0:57:02]} 14. c3 {[%clk 0:44:34]} a5 {[%clk 0:57:15]} 15. a4
{[%clk 0:42:22]} O-O-O {[%clk 0:56:23]} 16. Nc1 {[%clk 0:40:37]} Rdg8
{[%clk 0:56:39]} 17. h4 {[%clk 0:32:29]} Kd8 {[%clk 0:51:05]} 18. Nd3
{[%clk 0:32:32]} Ke8 {[%clk 0:51:16]} 19. Nc5 {[%clk 0:30:09]} Qc8
{[%clk 0:48:44]} 20. Qe2 {[%clk 0:28:43]} Kf8 {[%clk 0:48:14]} 21. b3
{[%clk 0:26:31]} Kg7 {[%clk 0:48:21]} 22. Ng5 {[%clk 0:24:58]} Nd7
{[%clk 0:38:51]} 23. Nd3 {[%clk 0:24:50]} Bxg5 {[%clk 0:35:44]} 24. fxg5
{[%clk 0:25:16]} Ne7 {[%clk 0:36:06]} 25. Nf4 {[%clk 0:22:28]} c6
{[%clk 0:34:41]} 26. Rad1 {[%clk 0:18:27]} Nf5 {[%clk 0:34:40]} 27. c4
{[%clk 0:15:29]} Qc7 {[%clk 0:28:30]} 28. g4 {[%clk 0:13:41]} hxg4
{[%clk 0:27:01]} 29. Qxg4 {[%clk 0:14:06]} Kf8 {[%clk 0:25:56]} 30. cxd5
{[%clk 0:12:25]} cxd5 {[%clk 0:26:15]} 31. Rc1 {[%clk 0:12:52]} Qd8
{[%clk 0:26:24]} 32. Rc3 {[%clk 0:08:51]} Nb8 {[%clk 0:26:49]} 33. Nd3
{[%clk 0:07:40]} Nc6 {[%clk 0:26:38]} 34. Nc5 {[%clk 0:07:57]} Qe7
{[%clk 0:25:31]} 35. Rfc1 {[%clk 0:08:02]} Kg7 {[%clk 0:22:25]} 36. Nd3
{[%clk 0:07:06]} Rd8 {[%clk 0:17:07]} 37. Nf4 {[%clk 0:03:39]} Ncxd4
{[%clk 0:13:56]} 38. Bxd4 {[%clk 0:03:59]} Rxh4 {[%clk 0:14:07]} 39. Qg2
{[%clk 0:01:27]} Rxf4 {[%clk 0:09:50]} 40. Bc5 {[%clk 0:31:17]} Qe8
{[%clk 0:37:45]} 41. Bb6 {[%clk 0:28:33]} Ra8 {[%clk 0:38:11]} 42. Rc7
{[%clk 0:27:25]} Qh8 {[%clk 0:37:08]} 43. R1c3 {[%clk 0:10:46]} Qh5
{[%clk 0:35:00]} 44. Rh3 {[%clk 0:11:08]} Qd1+ {[%clk 0:31:54]} 45. Kh2
{[%clk 0:11:34]} Nh4 {[%clk 0:32:07]} 46. Qb2 {[%clk 0:06:44]} Rh8
{[%clk 0:32:00]} 47. Bc5 {[%clk 0:04:45]} Qg4 {[%clk 0:29:54]} 48. Rg3
{[%clk 0:02:11]} Nf5+ {[%clk 0:30:01]} 0-1

[Event "Agen 2017 - National Féminin"]
[Site "?"]
[Date "2017.08.26"]
[Round "8.5"]
[White "Roumegous, Marina"]
[Black "Malassagne, Isabelle"]
[Result "0-1"]
[BlackElo "2061"]
[WhiteElo "2142"]
[LiveChessVersion "1.4.8"]

1. d4 {[%clk 1:30:57]} Nf6 {[%clk 1:30:55]} 2. Nf3 {[%clk 1:31:16]} g6
{[%clk 1:31:12]} 3. Bg5 {[%clk 1:31:22]} Bg7 {[%clk 1:30:49]} 4. c3
{[%clk 1:31:31]} O-O {[%clk 1:30:53]} 5. Nbd2 {[%clk 1:31:50]} d5
{[%clk 1:30:25]} 6. e3 {[%clk 1:31:11]} b6 {[%clk 1:28:42]} 7. Be2
{[%clk 1:29:57]} Bb7 {[%clk 1:28:25]} 8. O-O {[%clk 1:25:15]} c5 {[%clk 1:24:56]}
9. Ne5 {[%clk 1:23:42]} Nc6 {[%clk 1:17:44]} 10. f4 {[%clk 1:21:24]} a5
{[%clk 0:59:20]} 11. a4 {[%clk 1:21:04]} Ne8 {[%clk 0:54:35]} 12. Bh4
{[%clk 1:14:51]} Nd6 {[%clk 0:52:19]} 13. Bf3 {[%clk 1:10:29]} Nf5
{[%clk 0:41:52]} 14. Bf2 {[%clk 1:10:50]} Nxe5 {[%clk 0:42:06]} 15. fxe5
{[%clk 1:10:30]} Bh6 {[%clk 0:41:45]} 16. Re1 {[%clk 1:10:00]} cxd4
{[%clk 0:33:52]} 17. exd4 {[%clk 1:09:44]} Ng7 {[%clk 0:31:10]} 18. g3
{[%clk 1:02:16]} Rb8 {[%clk 0:30:43]} 19. Nf1 {[%clk 0:58:31]} Ne6
{[%clk 0:28:18]} 20. h4 {[%clk 0:58:23]} Bc6 {[%clk 0:24:51]} 21. b4
{[%clk 0:33:26]} b5 {[%clk 0:21:16]} 22. axb5 {[%clk 0:33:46]} Rxb5
{[%clk 0:17:31]} 23. Be2 {[%clk 0:33:57]} axb4 {[%clk 0:17:35]} 24. Bxb5
{[%clk 0:33:55]} Bxb5 {[%clk 0:18:04]} 25. cxb4 {[%clk 0:34:16]} Qb6
{[%clk 0:17:34]} 26. Nh2 {[%clk 0:33:21]} Bc4 {[%clk 0:14:06]} 27. Ng4
{[%clk 0:33:32]} Bg7 {[%clk 0:14:35]} 28. Qd2 {[%clk 0:33:31]} h5
{[%clk 0:14:00]} 29. Nh2 {[%clk 0:33:53]} Rb8 {[%clk 0:13:35]} 30. Rab1
{[%clk 0:32:43]} Ra8 {[%clk 0:13:37]} 31. Ra1 {[%clk 0:31:54]} Rb8
{[%clk 0:14:06]} 32. Reb1 {[%clk 0:31:28]} Bf8 {[%clk 0:08:00]} 33. Nf3
{[%clk 0:30:48]} Ng7 {[%clk 0:08:19]} 34. Rb2 {[%clk 0:21:48]} Nf5
{[%clk 0:07:37]} 35. Ra5 {[%clk 0:18:39]} Bh6 {[%clk 0:05:21]} 36. Qc3
{[%clk 0:19:00]} Rc8 {[%clk 0:04:07]} 37. Qa3 {[%clk 0:17:46]} Bc1
{[%clk 0:04:08]} 38. Ra8 {[%clk 0:17:47]} Qb7 {[%clk 0:04:19]} 39. Rxc8+
{[%clk 0:16:09]} Qxc8 {[%clk 0:04:38]} 40. Qc3 {[%clk 0:46:22]} Bxb2
{[%clk 0:34:43]} 41. Qxb2 {[%clk 0:46:45]} Bb5 {[%clk 0:32:05]} 42. Nd2
{[%clk 0:43:34]} Kh7 {[%clk 0:24:34]} 43. Kg2 {[%clk 0:42:50]} Qc6
{[%clk 0:20:29]} 44. Kf3 {[%clk 0:31:22]} Ba6 {[%clk 0:17:45]} 45. Nb3
{[%clk 0:30:09]} Qc4 {[%clk 0:16:50]} 46. Nc5 {[%clk 0:30:20]} Bb5
{[%clk 0:16:57]} 47. Qa1 {[%clk 0:20:25]} Qe2+ {[%clk 0:16:56]} 48. Kg2
{[%clk 0:20:41]} Ne3+ {[%clk 0:17:19]} 49. Kg1 {[%clk 0:20:50]} Nd1
{[%clk 0:17:39]} 0-1

[Event "Agen 2017 - Accession"]
[Site "?"]
[Date "2017.08.26"]
[Round "8.1"]
[White "Degraeve, Jean-Marc"]
[Black "Le Roux, Jean-Pierre"]
[Result "1/2-1/2"]
[LiveChessVersion "1.4.8"]
[BlackElo "2543"]
[WhiteElo "2587"]

1. e4 {[%clk 1:30:00]} c6 {[%clk 1:30:52]} 2. d4 {[%clk 1:30:04]} d5
{[%clk 1:31:16]} 3. e5 {[%clk 1:30:03]} Bf5 {[%clk 1:31:40]} 4. h4
{[%clk 1:30:09]} Qc7 {[%clk 1:31:57]} 5. Nc3 {[%clk 1:27:01]} a6 {[%clk 1:32:21]}
6. g4 {[%clk 1:17:57]} Bd7 {[%clk 1:32:32]} 7. Be3 {[%clk 1:14:58]} e6
{[%clk 1:26:35]} 8. f4 {[%clk 1:06:56]} c5 {[%clk 1:22:50]} 9. Nge2
{[%clk 1:04:08]} cxd4 {[%clk 1:22:18]} 10. Nxd4 {[%clk 1:03:17]} Bb4
{[%clk 1:22:40]} 11. Qd2 {[%clk 1:03:05]} Ne7 {[%clk 1:17:13]} 12. a3
{[%clk 0:52:04]} Bxc3 {[%clk 1:16:45]} 13. Qxc3 {[%clk 0:52:27]} Qxc3+
{[%clk 1:14:46]} 14. bxc3 {[%clk 0:52:56]} Ba4 {[%clk 0:59:49]} 15. Rb1
{[%clk 0:50:19]} b5 {[%clk 0:59:17]} 16. Kd2 {[%clk 0:47:20]} Nd7
{[%clk 0:51:12]} 17. h5 {[%clk 0:44:17]} Rc8 {[%clk 0:39:05]} 18. Bd3
{[%clk 0:44:41]} O-O {[%clk 0:33:43]} 19. Rbf1 {[%clk 0:42:29]} Rfe8
{[%clk 0:31:21]} 20. Rhg1 {[%clk 0:41:16]} Nc5 {[%clk 0:28:05]} 21. f5
{[%clk 0:40:54]} Ne4+ {[%clk 0:27:03]} 22. Bxe4 {[%clk 0:41:16]} dxe4
{[%clk 0:27:30]} 23. h6 {[%clk 0:24:38]} Nd5 {[%clk 0:19:43]} 24. hxg7
{[%clk 0:20:58]} Kxg7 {[%clk 0:19:38]} 25. fxe6 {[%clk 0:06:22]} fxe6
{[%clk 0:19:56]} 26. Ne2 {[%clk 0:06:16]} Red8 {[%clk 0:12:07]} 27. Bd4
{[%clk 0:06:39]} Nxc3 {[%clk 0:08:36]} 28. Nxc3 {[%clk 0:07:07]} Rxd4+
{[%clk 0:08:44]} 29. Ke3 {[%clk 0:07:36]} Rdc4 {[%clk 0:08:44]} 30. Nxe4
{[%clk 0:06:22]} Bxc2 {[%clk 0:07:25]} 31. Nd6 {[%clk 0:03:49]} Rc3+
{[%clk 0:07:40]} 32. Kd2 {[%clk 0:03:07]} Rd3+ {[%clk 0:07:29]} 33. Kc1
{[%clk 0:03:15]} Rxd6 {[%clk 0:04:26]} 34. exd6 {[%clk 0:03:38]} Bd3+
{[%clk 0:04:50]} 35. Kb2 {[%clk 0:04:04]} Bxf1 {[%clk 0:05:15]} 36. Rxf1
{[%clk 0:04:29]} Rd8 {[%clk 0:04:57]} 37. Rd1 {[%clk 0:04:52]} Kf6
{[%clk 0:04:10]} 38. Kb3 {[%clk 0:05:09]} a5 {[%clk 0:03:52]} 39. a4
{[%clk 0:05:26]} bxa4+ {[%clk 0:03:17]} 40. Kxa4 {[%clk 0:35:52]} e5
{[%clk 0:30:54]} 41. Kxa5 {[%clk 0:31:28]} Ke6 {[%clk 0:26:48]} 42. Rh1
{[%clk 0:28:26]} Rxd6 {[%clk 0:23:40]} 43. Rxh7 {[%clk 0:28:52]} Kd5
{[%clk 0:23:49]} 44. g5 {[%clk 0:26:11]} Kd4 {[%clk 0:19:42]} 45. Rh1
{[%clk 0:24:13]} Ke3 {[%clk 0:16:17]} 46. Re1+ {[%clk 0:23:17]} Kf4
{[%clk 0:16:25]} 47. Kb4 {[%clk 0:21:45]} Rc6 {[%clk 0:12:49]} 48. Rg1
{[%clk 0:19:13]} Rg6 {[%clk 0:08:22]} 49. Rf1+ Kxg5 {[%clk 0:07:01]} 50. Kc5
{[%clk 0:19:05]} Rf6 {[%clk 0:03:15]} 51. Re1 {[%clk 0:19:28]} Rf5
{[%clk 0:02:51]} 52. Kd5 {[%clk 0:19:52]} Kf6 {[%clk 0:02:52]} 53. Kxe5+ Kxe5
1/2-1/2

[Event "Agen 2017 - Accession"]
[Site "?"]
[Date "2017.08.26"]
[Round "8.2"]
[White "Barbot, Pierre"]
[Black "Demuth, Adrien"]
[Result "1/2-1/2"]
[LiveChessVersion "1.4.8"]
[BlackElo "2540"]
[WhiteElo "2453"]

1. e4 {[%clk 1:30:57]} c5 {[%clk 1:28:23]} 2. Nf3 {[%clk 1:31:24]} d6
{[%clk 1:28:43]} 3. d4 {[%clk 1:31:37]} cxd4 {[%clk 1:29:08]} 4. Nxd4
{[%clk 1:32:05]} Nf6 {[%clk 1:29:31]} 5. Nc3 {[%clk 1:32:33]} Nc6
{[%clk 1:29:09]} 6. Bg5 {[%clk 1:32:41]} a6 {[%clk 1:23:53]} 7. Qd2
{[%clk 1:31:15]} Qb6 {[%clk 1:17:46]} 8. O-O-O {[%clk 1:24:11]} Nxd4
{[%clk 1:15:42]} 9. Qxd4 {[%clk 1:24:36]} Qxd4 {[%clk 1:16:05]} 10. Rxd4
{[%clk 1:25:03]} Bd7 {[%clk 1:15:56]} 11. Bxf6 {[%clk 1:19:01]} gxf6
{[%clk 1:15:54]} 12. Nd5 {[%clk 1:19:27]} Rc8 {[%clk 1:10:55]} 13. Nb6
{[%clk 1:18:55]} Rc7 {[%clk 1:10:39]} 14. Nxd7 {[%clk 1:19:20]} Kxd7
{[%clk 1:10:50]} 15. Rc4 {[%clk 1:19:20]} Rg8 {[%clk 1:09:31]} 16. Rxc7+
{[%clk 1:19:10]} Kxc7 {[%clk 1:09:58]} 17. g3 {[%clk 1:19:31]} Rg5
{[%clk 1:09:35]} 18. Bd3 {[%clk 1:17:49]} h6 {[%clk 1:08:23]} 19. Re1
{[%clk 1:18:02]} e6 {[%clk 1:05:35]} 20. Re3 {[%clk 1:18:20]} d5 {[%clk 1:01:26]}
21. f4 {[%clk 1:17:14]} Rh5 {[%clk 1:01:45]} 22. exd5 {[%clk 1:17:41]} Bc5
{[%clk 0:59:20]} 23. Re2 {[%clk 1:17:54]} Rxd5 {[%clk 0:59:45]} 24. f5
{[%clk 1:18:09]} exf5 {[%clk 0:57:32]} 25. Bc4 {[%clk 1:18:16]} Rd4
{[%clk 0:57:43]} 26. Bxf7 {[%clk 1:18:19]} f4 {[%clk 0:57:54]} 27. c3
{[%clk 1:18:27]} Rd7 {[%clk 0:56:22]} 28. Bh5 {[%clk 1:18:05]} fxg3
{[%clk 0:56:45]} 29. hxg3 {[%clk 1:18:31]} Re7 {[%clk 0:57:04]} 30. Rxe7+
{[%clk 1:18:56]} Bxe7 {[%clk 0:57:30]} 31. Bf3 {[%clk 1:19:13]} b6
{[%clk 0:57:56]} 32. g4 {[%clk 1:19:41]} a5 {[%clk 0:58:22]} 33. Kc2
{[%clk 1:20:08]} Bd6 {[%clk 0:58:46]} 34. Kd3 {[%clk 1:20:33]} Bf4
{[%clk 0:59:10]} 35. b4 {[%clk 1:20:54]} axb4 {[%clk 0:59:34]} 36. cxb4
{[%clk 1:21:20]} b5 {[%clk 0:59:57]} 37. Kc3 {[%clk 1:21:32]} Bg3
{[%clk 1:00:20]} 38. Be4 {[%clk 1:21:55]} Be1+ {[%clk 1:00:47]} 39. Kb3
{[%clk 1:22:22]} Kb6 {[%clk 1:01:14]} 40. a4 {[%clk 1:52:45]} bxa4+
{[%clk 1:31:38]} 1/2-1/2